| 000 | 02385 a2200265 4500 | ||
|---|---|---|---|
| 001 | 97 | ||
| 005 | 20260407155410.0 | ||
| 008 | 260407a2004 arg spa d | ||
| 003 | AR-UNSa-BCEJYS | ||
| 040 |
_aAR-UNSa-BCEJYS _bspa _cAR-UNSa-BCEJYS |
||
| 080 |
_a330.43 _xEconometría |
||
| 245 | 1 | 0 | _aEconometría |
| 020 | _a970-10-3971-8 | ||
| 250 | _a4a. ed | ||
| 264 | 1 |
_aMéxico : _bMcGraw-Hill _c2004 |
|
| 300 |
_axxxiii, 972 p. _c25 cm. |
||
| 505 | _aParte I: Modelos de regresión uniecuacionales: 1. Naturaleza del análisis de regresión - 2. Análisis de regresión con dos variables: algunas ideas básicas - 3. Modelo de regresión con dos variables: problemas de estimación - 4. Modelo clásico de regresión lineal normal ( MCRLN ) - 5. Regresión con dos variables: estimación de intervalos y prueba de hipótesis - 6. Extensiones del modelo de regresión lineal de dos variables - 7. Análisis de regresión múltiple: problema de estimulación - 8. Análisis de regresión múltiple: el problema de la inferencia - 9. Modelo de regresión con variables dicótomas -- Parte II: Violación de los supuestos del modelo clásico: 10. Multicolinealidad: ¿qué pasa si las regresoras están correlacionadas? - 11. Heteroscedasticidad: ¿qué pasa cuando la varianza del error no es constante? - 12. Autocorrelación: ¿qué sucede si los términos error están correlacionados? - 13. Diseño de modelos econométricos: especificación del modelo y prueba de diagnóstico -- Parte III: 14. Modelos de regresión no lineales - 15. Modelos de regresión de repuestas cualitativas - 16. Modelos de regresión con datos en panel - 17. Modelos econométricos dinámicos: modelos autorregresivos y de rezagos distribuidos -- Parte IV: Modelos de ecuaciones simultáneas: 18. Modelos de ecuaciones simultáneas - 19. El problema de la identificación - 20. Métodos de ecuaciones simultáneas -- Parte V: Econometría de series de tiempo: 21. Econometría de series de tiempo: algunos conceptos básicos - 22. Econometría de series de tiempo: pronósticos | ||
| 942 | _cBK | ||
| 590 | _aniveau_biblio:m niveau_hierar:0 | ||
| 100 | 1 | _aGarmendia Guerrero, Demetrio | |
| 700 | 1 | _aGujarati, Damodar N. | |
| 700 | 1 | _aArango Medina, Gladys | |
| 700 | 1 | _aMisas Arango, Martha | |
| 856 | 4 | 1 |
_uhttps://biblioeco.unsa.edu.ar/pmb/images/libros/Econometr?a.jpg _yImagen de portada _qimage/jpeg |
| 999 |
_c73 _d73 |
||